00670 a2200181 450000500170000000800410001702000150005802000180007304000480009104100080013910000200014724500750016726000740024230000380031650400530035465000270040765000540043420140903175028.0140214s2007 xxua fr 001 0 eng d a0226509915 a9780226509914 aCO-BoUCMbspacJose A. GerenadHenry Ríos aeng1 aChaplin, Tamara10aTurning on the mindbfrench philosophers on televisioncTamara Chaplin c2007bUniversity of Chicago pressaChicago (Illinois, estados Unidos) axvi, 334 páginasbilustraciones aIncluye referencias bibliográficas e índices 7aFilósofos franceses  7aEntrevistas en telecisiónzFranciavEntrevistas